| 000 | 00652nam a2200229 i 4500 | ||
|---|---|---|---|
| 001 | 7459 | ||
| 003 | ES-MaACL | ||
| 005 | 20250812015515.0 | ||
| 007 | t| | ||
| 008 | 910121s1989 sp a |||| | spa d | ||
| 020 | _a84-253-2114-X | ||
| 080 | _a7.049 | ||
| 100 | 1 |
_aFerrero, Carlo Scipione. _950543 |
|
| 245 | 1 | 0 |
_aEros en los cinco sentidos / _cCarlos Scipione Ferrero. |
| 250 | _a1ª ed. | ||
| 260 |
_aBarcelona : _bGrijalbo, _c1989. |
||
| 300 |
_a271 p. : _bil. col. y n. ; _c26 cm. |
||
| 504 | _aBibliografía: p. 265-270. | ||
| 650 | 7 |
_aArte erótico _2embne _9158969 |
|
| 852 |
_aES-MaACL _jL-14710 _z- Enc. cart. |
||
| 999 |
_c7459 _d7459 |
||